Magia de un antiguo barrio /

Guardat en:
Dades bibliogràfiques
Autor principal: Calvo González, Israel
Format: Desconegut
Idioma:Spanish
Publicat: San José, Costa Rica : Editorial MIRAMBELL S. A, 1998.
Matèries:
Etiquetes: Afegir etiqueta
Sense etiquetes, Sigues el primer a etiquetar aquest registre!

MARC

LEADER 000000000a22000000004500
001 003641
020 |a 9968747106 
041 0 |a spa 
082 0 4 |a CR863.44   |b C162m 
100 1 |a Calvo González, Israel 
245 1 0 |a Magia de un antiguo barrio /   |c Israel Calvo González. 
260 1 |a San José, Costa Rica :   |b Editorial MIRAMBELL S. A,   |c 1998. 
300 |a 44 páginas 
650 4 |a LITERATURA COSTARRICENSE 
650 4 |a RELATOS 
650 4 |a LITERATURA FOLKLORICA 
650 4 |a FOLKLOR COSTARRICENSE 
999 |c 10114  |d 10114 
942 |c BK  |h CR863.44 C162m  |2 z